000 00500nam a2200169Ia 4500
008 230917s9999||||xx |||||||||||||| ||und||
020 _cRS295
040 _e236864
_aMAIN
041 _aEnglish
082 _a362.7 T329E
100 _aThambirajah, M S
245 0 _aEssentials of learning disabilities and other developmental disorders
260 _aNew Delhi
_bSage Publications
_c2016
300 _av. p.
500 _a2522 04/01/2017 HBD17/6759 05/01/2017 Main Budget Periodicals
942 _cBK
999 _c20446
_d20446